Personnages ayant une prime superieur à celle de Zoro-One Piece - Statistiques

Statistiques générales
  • Ce quiz a été pris 45 fois
  • Le résultat moyen est 15 sur 21
Answers on the Grid
Answers color-coded by a green-red scale on the quiz's grid according to % correct below.
Loki
Luffy
Sanji
King
Kaido
Jinbe
Ace
Big Mom
Queen
Jack
Kizaru
Marco
Katakuri
Barbe Noire
Barbe Blanche
Sabo
Mihawk
Baggy
Fujitora
Kobby
Gol.D.Roger
Ryokugyu
Crocodile
Usopp
Akainu
Boa Hancock
Dorry
Who's Who
Smoothie
Eustass Captain Kidd
Trafalgar.D.Water Law
Nico Robin
 
Statistiques - réponses
Réponse % Correct
Kaido
97%
Big Mom
94%
Luffy
94%
Barbe Noire
84%
Loki
84%
Gol.D.Roger
81%
Mihawk
81%
Trafalgar.D.Water Law
81%
Barbe Blanche
77%
Eustass Captain Kidd
77%
King
77%
Baggy
74%
Crocodile
74%
Boa Hancock
71%
Marco
68%
Dorry
61%
Queen
61%
Kizaru
58%
Akainu
55%
Fujitora
52%
Ryokugyu
48%
Aucun quiz correspondant
Distribution des résultats
% des personnes avec chaque résultat
Percentile par nombre de réponses
Votre historique - résultats
Vous n’avez pas pris ce quiz